000 00430nam a2200169 a 4500
005 20140310183230.0
008 041203s19uu xx 00 eng d
020 _a076783003958
050 _aPR 3403
_b.D314 1991
100 _aDefoe, Daniel
245 _aRobinson Crusoe /
_cDaniel Defoe.
260 _aUSA :
_bBantam Books,
_c1991.
300 _a277 p. :
_c18 cm.
650 _aFiction
942 _cBK
_2lcc
999 _c20474
_d20474